World economic outlook and international capital markets interim assessment

Enregistré dans:
Détails bibliographiques
Format: Livre
Langue:anglais
Publié: Washington, D.C. IMF 1998
Collection:World economic and financial surveys
Sujets:
Tags: Ajouter un tag
Pas de tags, Soyez le premier à ajouter un tag!

MARC

LEADER 00000nam$a2200000$$$4500
001 0013511
005 20240111125000.7
020 |a 1-55775-793-3 
022 |a 0258-7440 
041 0 |a eng 
044 |a US 
245 1 0 |a World economic outlook and international capital markets  |b interim assessment 
264 1 |a Washington, D.C.  |b IMF  |c 1998 
300 |a 107 s. 
490 1 |a World economic and financial surveys 
830 0 |a World economic and financial surveys 
610 2 0 |a situácia hospodárska 
610 2 0 |a rozvoj hospodársky 
610 2 0 |a hospodárstvo svetové 
610 2 0 |a riziko 
610 2 0 |a riziko finančné 
610 2 0 |a svet 
610 2 0 |a kríza 
610 2 0 |a sústava banková 
610 2 0 |a porovnanie štatistické medzinárodné